India 2002 (Record no. 14587)

MARC details
000 -LEADER
fixed length control field 00546nam a2200181Ia 4500
003 - CONTROL NUMBER IDENTIFIER
control field IN-BaIIA
008 - FIXED-LENGTH DATA ELEMENTS--GENERAL INFORMATION
fixed length control field 211028s9999 xx 000 0 eng d
020 ## - INTERNATIONAL STANDARD BOOK NUMBER
International Standard Book Number 81-230-1005-2
040 ## - CATALOGING SOURCE
Transcribing agency IIA Library
080 ## - UNIVERSAL DECIMAL CLASSIFICATION NUMBER
Universal Decimal Classification number 58
Item number MIB
110 ## - MAIN ENTRY--CORPORATE NAME
Corporate name or jurisdiction name as entry element India. Research, Reference and Training Division
9 (RLIN) 25952
245 #0 - TITLE STATEMENT
Title India 2002
Remainder of title a reference annual
Statement of responsibility, etc. India. Research, Reference and Training Division
260 ## - PUBLICATION, DISTRIBUTION, ETC.
Place of publication, distribution, etc. India
Name of publisher, distributor, etc. Ministry of Information and Broadcasting
Date of publication, distribution, etc. 2002
300 ## - PHYSICAL DESCRIPTION
Extent 870p.
650 ## - SUBJECT ADDED ENTRY--TOPICAL TERM
Topical term or geographic name entry element India
650 ## - SUBJECT ADDED ENTRY--TOPICAL TERM
Topical term or geographic name entry element Year book
9 (RLIN) 11210
942 ## - ADDED ENTRY ELEMENTS (KOHA)
Koha item type Books
Holdings
Withdrawn status Lost status Damaged status Not for loan Home library Current library Shelving location Date acquired Source of acquisition Cost, normal purchase price Total Checkouts Full call number Barcode Date last seen Cost, replacement price Price effective from Koha item type Purchase Price
        IIA Library-Bangalore IIA Library-Bangalore General Stacks 18/04/2002 ANJ 240.00   058/ MIB 15509 05/11/2021 240.00 18/04/2002 Books Rs. 240.00

Powered by Koha